000 00821nam a2200205 a 4500
001 000034859
005 20240523175921.0
008 111020s1971 sp 000 0 spa d
040 _aDO-SdBNP
_bspa
_cBNPHU
082 _a181.112
_bC748t
100 1 _aConfucio
_960391
245 1 0 _aTratados morales y políticos :
_bsegún los textos de Confucio y de sus discípulos Tseng-Chen, Tchu-Hi y otros /
_cConfucio ; versión establecida por J. Nuñez de Prado ; con unas notas prologales de Emiliano M. Aguilera.
260 _aBarcelona :
_bIberia,
_c1971.
300 _a172 p. ;
_c18 cm.
500 _aIncluye referencias bibliográficas y notas al pie de las páginas
600 0 4 _aCONFUCIO
_960392
650 0 _a Filosofía asiática
_941706
690 4 _aCONFUCIONISMO
_960393
910 _aValidado. Control de calidad MFF
999 _c34350
_d34350